000
00307nam a2200109Ia 4500
008
200302s9999 xx 000 0 und d
100
_a
Traci Rose Rider
245
_a
Understanding Green Building for Students and Young Professinals
260
_b
W.W.Norton &Company Inc.,
260
_c
2009
300
_a
144 P.,
999
_c
2931
_d
2931